| 000 | 00724nam a2200229Ii 4500 | ||
|---|---|---|---|
| 003 | JO-AjNU | ||
| 008 | 230605s9999||||xx |||||||||||||| ||und|| | ||
| 017 | _a2013/4/985 | ||
| 020 | _a978-9957-83-227-8 | ||
| 040 |
_aJO-AjNU _bara _erda _cJO-AjNU |
||
| 041 | _aara | ||
| 050 | 1 | 4 | _aTA545.2014 |
| 100 | 3 |
_aقطيشات، ضياء الدين أمجد؛ م.مشارك سعاد عادل العيد, _eauthor _951393 |
|
| 245 | 0 | 0 | _aالمساحة 3 |
| 250 | _aط1 العربية | ||
| 264 | 3 | 1 | _aعمان:مكتبة المجتمع العربي،2014 |
| 300 | _a211ص | ||
| 336 |
_atext _btxt _2rdacontent |
||
| 337 |
_aunmediated _bn _2rdamedia |
||
| 338 |
_avolume _bnc _2rdacarrier |
||
| 650 | 4 |
_aالمساحة _951394 |
|
| 999 |
_aA22697 _c26265 _d26265 |
||